The drinking academy : a play /

Bibliographic Details
Main Author: Randolph, Thomas, 1605-1635
Other Authors: Tannenbaum, Samuel A. (Samuel Aaron), 1874?-1948, Rollins, Hyder Edward, 1889-1958
Format: Book
Language:English
Published: Cambridge : Harvard University Press, 1930.

MARC

Tag First Indicator Second Indicator Subfields
LEADER 00000cam a2200000 4500
001 in00000035894
005 20151007063537.0
008 731113r1930 mauh 00010 eng u
010 |a  30018450  
035 |a (OCoLC)00740663 
035 |9 AAD7645AM 
040 |c TFW  |d TXA  |d UtOrBLW 
049 |a TXAM  |c [122206] 
050 0 0 |a PR2739.R3  |b A65 1930 
092 |a 822  |b R194d 
100 1 |a Randolph, Thomas,  |d 1605-1635. 
245 1 4 |a The drinking academy :  |b a play /  |c by Thomas Randolph. 
264 1 |a Cambridge :  |b Harvard University Press,  |c 1930. 
300 |a xxiv, 1 unnumbered page, reprint: 64 pages :  |b facsimiles 
336 |a text  |b txt  |2 rdacontent 
337 |a unmediated  |b n  |2 rdamedia 
338 |a volume  |b nc  |2 rdacarrier 
500 |a Edited critically for the first time from the holograph ms. in the Henry E. Huntington Library. Besides the introduction signed by the editors, Samuel A. Tannenbaum and Hyder E. Rollins, there are full textual and explanatory notes and a word list to facilitate comparison with the diction of Randolph's acknowledged works. 
700 1 |a Tannenbaum, Samuel A.  |q (Samuel Aaron),  |d 1874?-1948. 
700 1 |a Rollins, Hyder Edward,  |d 1889-1958. 
999 |a MARS 
999 f f |s 45fdc15b-d9bf-32fb-9ced-f2ceb8e65bcf  |i 904eb1a0-897a-38fc-9669-cf6e6189e6be  |t 0 
952 f f |p ric  |a Texas A&M University  |b Rellis Campus  |c Joint Library Facility  |d Remote Storage  |t 0  |e PR2739.R3 A65 1930  |h Library of Congress classification  |i unmediated -- volume  |m A14801299471 
998 f f |a PR2739.R3 A65 1930  |t 0  |l Remote Storage